LEADER 05416nam 2200625Ia 450 001 9910792054503321 005 20230803023631.0 010 $a1-299-28200-8 010 $a981-4407-69-0 035 $a(CKB)2560000000099546 035 $a(EBL)1143329 035 $a(OCoLC)830162369 035 $a(SSID)ssj0001037511 035 $a(PQKBManifestationID)12460523 035 $a(PQKBTitleCode)TC0001037511 035 $a(PQKBWorkID)11044675 035 $a(PQKB)11475623 035 $a(MiAaPQ)EBC1143329 035 $a(WSP)00002923 035 $a(Au-PeEL)EBL1143329 035 $a(CaPaEBR)ebr10674338 035 $a(CaONFJC)MIL459450 035 $a(EXLCZ)992560000000099546 100 $a20130410d2013 uy 0 101 0 $aeng 135 $aurcn||||||||| 181 $ctxt 182 $cc 183 $acr 200 10$aUpgrading China's information and communication technology industry$b[electronic resource] $estate-firm strategic coordination and the geography of technological innovation /$fCassandra C. Wang 210 $aSingapore ;$aHackensack, N.J. $cWorld Scientific$dc2013 215 $a1 online resource (302 p.) 300 $aDescription based upon print version of record. 311 $a981-4407-68-2 320 $aIncludes bibliographical references and index. 327 $aForeword; CONTENTS; Acknowledgments; List of Figures; List of Tables; List of Abbreviations; Chapter One Introduction; 1.1 Research Background; 1.2 The Case of China's ICT Industry; 1.3 Theory and Reality; 1.4 Understanding the Uneven Innovative Performance of the ICT Industry in China; 1.5 Terminology; 1.6 Organization of the Book; Chapter Two Interpreting Technological Innovation Through Industrial Clustering; 2.1 Introduction; 2.2 Industrial Cluster and Technological Innovation: Is There a Relationship?; 2.2.1 The origins of innovation and cluster 327 $a2.2.2 Framework of localized production network 2.2.3 Framework of innovative milieu; 2.2.4 Framework of knowledge spillover; 2.2.5 A critique; 2.3 Summary; Chapter Three Understanding China's Technological Innovation Through State-Firm Strategic Coordination; 3.1 Introduction; 3.2 Defining Major Concepts: State, Firm and State-Firm Strategic Coordination; 3.3 Theorizing the Innovative Performance of Regions and Firms: A State-Firm Strategic Coordination Framework; 1. The dynamics of state-firm strategic coordination reflect the active motivation of firms to invest in innovation 327 $a2. State-firm strategic coordination enlarges the resource base of firms and thereby improves their innovative performance 3.4 Explaining the Innovative Performance of China's ICT Industry through State-Firm Strategic Coordination; 3.4.1 State-firm strategic coordination before the reform and opening-up in China; (1) Strategic Selectivity of the State and the National Innovation System; (2) Passive Reaction of Firms; 3.4.2 State-firm strategic coordination after the reform and opening-up in China; (1) The Rise of China and State Strategies for Technical Standard-Setting 327 $a(2) Strategic Selectivity, Reaction of Firms and Regional Differences in State-Firm Coordination 3.5 Summary; Chapter Four The Geography of Technological Innovation in China's ICT Industry; 4.1 Introduction; 4.2 Historicizing the Growth and Innovation of China's ICT Industry; 4.3 Growth and Nature of China's ICT Industry; 4.4 Spatial Distribution, Clustering and Technological Innovation; 4.4.1 Spatial Agglomeration and Economic and Innovative Performance; 4.4.2 Localized linkages, knowledge exchange and technological innovation 327 $a4.4.3 Beyond clustering: Attributes, motivation and strategies of firms, state-firm strategic coordination and technological innovation 4.5 Summary; Chapter Five State-Firm Strategic Coordination and the Growth of the Integrated Circuit Design Industry in Shanghai; 5.1 Introduction; 5.2 Growth, Distribution and Innovation of the IC Design Industry in Shanghai; 5.3 State-Firm Strategic Coordination and Uneven Technological Innovation in Shanghai; 5.3.1 Strategies and selectivity of the central government; 5.3.2 Institutional environment as well as strategies and selectivity of local governments 327 $a5.3.3 Industrial policies and IC design developments in Shanghai 330 $aThis book effectively challenges the conventional wisdom regarding the cluster-innovation relationship and provides convincing evidence to show that the prevailing theoretical models derived from Anglo-American experiences cannot be uncritically applied to Chinese reality. This book introduces a new theory of state-firm coordination to explain why and how some Chinese ICT firms have turned out to be more innovative than others. Perspectives from the viewpoint of economic geography, institutional economics, political science, and regulation theory have been provided to throw light on the enigma 606 $aTechnological innovations$zChina 606 $aInformation technology$zChina 615 0$aTechnological innovations 615 0$aInformation technology 676 $a338.470040951 700 $aWang$b Cassandra C$01555787 801 0$bMiAaPQ 801 1$bMiAaPQ 801 2$bMiAaPQ 906 $aBOOK 912 $a9910792054503321 996 $aUpgrading China's information and communication technology industry$93817957 997 $aUNINA LEADER 03189nam 2200805Ia 450 001 9910958919803321 005 20260316155831.0 010 $a0-19-026776-3 010 $a1-283-02050-5 010 $a9786613020505 010 $a0-19-970842-8 035 $a(CKB)2560000000061052 035 $a(EBL)665443 035 $a(OCoLC)704541791 035 $a(SSID)ssj0000471825 035 $a(PQKBManifestationID)12166776 035 $a(PQKBTitleCode)TC0000471825 035 $a(PQKBWorkID)10428629 035 $a(PQKB)10192283 035 $a(StDuBDS)EDZ0001131687 035 $a(Au-PeEL)EBL665443 035 $a(CaPaEBR)ebr10449705 035 $a(CaONFJC)MIL302050 035 $a(MiAaPQ)EBC665443 035 $a(MiAaPQ)EBC7033354 035 $a(PPN)156560879 035 $a(FINmELB)ELB165726 035 $a(EXLCZ)992560000000061052 100 $a20100706d2011 uy 0 101 0 $aeng 135 $aurcn||||||||| 181 $ctxt 182 $cc 183 $acr 200 10$aOnce & future giants $ewhat Ice Age extinctions tell us about the fate of earth's largest animals /$fSharon Levy 205 $a1st ed. 210 $aOxford ;$aNew York $cOxford University Press$dc2011 215 $a1 online resource (274 p.) 300 $aDescription based upon print version of record. 311 08$a0-19-993116-X 311 08$a0-19-537012-0 320 $aIncludes bibliographical references (p. 229-246) and index. 327 $aContents; Illustrations; Prologue; ELEGY FOR THE MASTODON; MAMMOTH TRACKS; GIANTS DOWN UNDER; WILD DREAMS; WILD REALITIES; THE BIG HEAT; DEAD BEASTS WALKING; Epilogue; Acknowledgments; Notes; Index 330 $aUntil about 13,000 years ago, North America was home to a menagerie of massive mammals. Mammoths, camels, and lions walked the ground that has become Wilshire Boulevard in Los Angeles and foraged on the marsh land now buried beneath Chicago's streets. Then, just as the first humans reached the Americas, these Ice Age giants vanished forever. In Once and Future Giants, science writer Sharon Levy digs through the evidence surrounding Pleistocene large animal (""megafauna"") extinction events worldwide, showing that understanding this history--and our part in it--is crucial for protecting the 517 3 $aOnce and future giants 606 $aExtinction (Biology) 606 $aHunting, Prehistoric 606 $aMammals$xConservation 606 $aMammals$xEffect of human beings on 606 $aPaleoecology$yPleistocene 606 $aPaleontology$yPleistocene 606 $aPrehistoric peoples 606 $aWildlife conservation 615 0$aExtinction (Biology) 615 0$aHunting, Prehistoric. 615 0$aMammals$xConservation. 615 0$aMammals$xEffect of human beings on. 615 0$aPaleoecology 615 0$aPaleontology 615 0$aPrehistoric peoples. 615 0$aWildlife conservation. 676 $a576.8/4 700 $aLevy$b Sharon$f1959-$01897446 801 0$bMiAaPQ 801 1$bMiAaPQ 801 2$bMiAaPQ 906 $aBOOK 912 $a9910958919803321 996 $aOnce & future giants$94552633 997 $aUNINA